Implementácia optimalizačných metód pri logistických operáciách vo vybranej spoločnosti dizertačná práca
Na minha lista:
| Autor principal: | |
|---|---|
| Autor Corporativo: | |
| Outros Autores: | |
| Formato: | Livro |
| Idioma: | eslovaco |
| Publicado em: |
Košice
2021
|
| Assuntos: | |
| Tags: |
Sem tags, seja o primeiro a adicionar uma tag!
|
MARC
| LEADER | 00000nbm a2200000 4500 | ||
|---|---|---|---|
| 001 | 0278125 | ||
| 005 | 20230302101813.6 | ||
| 041 | 0 | |a slo | |
| 044 | |a SK | ||
| 245 | 1 | 0 | |a Implementácia optimalizačných metód pri logistických operáciách vo vybranej spoločnosti |b dizertačná práca |c Miroslava Horváthová ; školiteľ: Michal Tkáč |
| 264 | 1 | |a Košice |c 2021 | |
| 300 | |a 125 s. | ||
| 610 | 2 | 0 | |a logistika |
| 610 | 2 | 0 | |a optimalizácia |
| 610 | 2 | 0 | |a riadenie reťazcov dodávateľských |
| 610 | 2 | 0 | |a rozhodovanie manažérske |
| 100 | 1 | |a Horváthová, Miroslava | |
| 700 | 1 | |a Tkáč, Michal, 1958- | |
| 710 | 2 | |a Podnikovohospodárska fakulta EU so sídlom v Košiciach. Katedra kvantitatívnych metód | |